Datum a čas kvízu
35
Celkem bodů
Celkový počet nahraných bodů na tomto kvízu bez doplňovacích otázek.
10.
Pořadí na kvízu
Konečné umístění týmu na tomto kvízu.
Zaznamenané odpovědi
| # | Otázka | Odpověď | Body | Výsledky |
|---|---|---|---|---|
| 1. | Minulý týden bylo oznámeno, že... | v Brazílii | 1 | |
| 2. | Prezident jedné jihoamerické z... | Venezuela | 1 | |
| 3. | Která hudební legenda vystoupi... | Bob Dylan | 1 | |
| 4. | V pondělí ukončila svůj provoz... | Spojené království / Velká Británie | 1 | |
| 5. | Který český brankář minulý týd... | Vítězslav Jaroš | 1 | |
| 6. | Jak se jmenuje stát, který je... | Lesotho | 1 | |
| 7. | Berlínská zeď oddělovala výcho... | 1961 (1960 a 1962 za půl bodu) | 1 | |
| 8. | V Pásmu Gazy, jež je v podstat... | A | 0 | |
| 9. | V roce 2015 během jediného dne... | Indie a Bangladéš | 0.5 | |
| 10. | Republika San Marino je druhý... | Rimini | 1 |